LEADER 00907nam0-22003251i-450- 001 990001062370403321 035 $a000106237 035 $aFED01000106237 035 $a(Aleph)000106237FED01 035 $a000106237 100 $a20000920d1960----km-y0itay50------ba 101 0 $aeng 200 1 $aQuantum Theory of Atomic Structure$fJohn C. Slater 210 $aNew York [etc.]$cMcGraw-Hill$d1960 225 1 $aInternational Series on Pure and Applied Physics 300 $aVol. 1. 300 $aVol. 2. 610 0 $aStruttura atomica 610 0 $aSpettroscopia 676 $a539.14$a535.84 700 1$aSlater,$bJohn C.$017883 801 0$aIT$bUNINA$gRICA$2UNIMARC 901 $aBK 912 $a990001062370403321 952 $a35-009.002$b1888$fFI1 952 $a35-009.001$b$fFI1 959 $aFI1 996 $aQuantum theory of atomic structure$9190131 997 $aUNINA DB $aING01 LEADER 01442nam a2200301 i 4500 001 991001454289707536 005 20020507130050.0 008 010306s1999 ||| ||| | eng 020 $a9041112545 035 $ab10222923-39ule_inst 035 $aLE02986246$9ExL 040 $aISUFI - Sett. Diritti e Politiche Euromediterranee$bita 082 0 $a341.75 100 1 $aBonell, Michael Joachim$0226472 245 12$aA new approach to international commercial contracts :$bthe UNIDROIT principles of interntional commercial contracts :$bXVth International Congress of Comparative Law, Bristol, 26 July-1 August 1998 /$cedited by Michael Joachim Bonell 260 $aThe Hague ; Boston :$bKluwer Law International,$c1999 300 $axii, 444 p. ;$c25 cm. 500 $aAt head of title: International Academy of Comparative Law. 500 $aIncludes bibliographical references (p. 433-441) 650 4$aCommercio internazionale - Contratti 710 2 $aInternational Academy of Comparative Law 711 2 $aInternational Congress of Comparative Law$n<15. ;$d1998 ;$cBristol, England> 907 $a.b10222923$b04-10-06$c27-06-02 912 $a991001454289707536 945 $aLE029 341.75 BON01.05$g1$iLE029-2039$lle029$o-$pE0.00$q-$rn$so $t0$u0$v0$w0$x0$y.i10272264$z27-06-02 996 $aNew approach to international commercial contracts$9207270 997 $aUNISALENTO 998 $ale029$b01-01-01$cm$da $e-$feng$gxx $h2$i1